| 000 | 00614nam a22001937a 4500 | ||
|---|---|---|---|
| 003 | KOHA_MİRAKIL | ||
| 005 | 20260324123120.0 | ||
| 008 | 260324b tu ||||| |||| 00| 0 tur d | ||
| 020 | _a9786058926776 | ||
| 040 |
_aTR-AnABB _btur _cTR-AnABB |
||
| 041 | _atur | ||
| 082 |
_a818.4209 _bBUL 2011 |
||
| 245 | 0 | 0 |
_aBülbülün şarkısı : _bMehmet Akif Kitabı / _ceditörler: Mustafa Kara, Bilal Kemikli |
| 260 |
_aBursa : _bOsmangazi Belediyesi, _c2011 |
||
| 300 |
_a252 sayfa ; _c20 cm |
||
| 650 | 0 | 4 | _aTürk edebiyatı, çeşitli eserler |
| 650 | 0 | 4 | _aBiyografi, Mehmet Akif Ersoy |
| 942 |
_2ddc _cBK |
||
| 999 |
_c10016 _d10016 |
||
| 900 | _bCan ÇELIK | ||